Agricultural development policy (Record no. 2297)

MARC details
000 -LEADER
fixed length control field 00451 a2200157 4500
000 - LEADER
fixed length control field BKB
001 - CONTROL NUMBER
control field 068642
005 - DATE AND TIME OF LATEST TRANSACTION
control field 20200902150118.0
008 - FIXED-LENGTH DATA ELEMENTS--GENERAL INFORMATION
fixed length control field
082 ## - DEWEY DECIMAL CLASSIFICATION NUMBER
Classification number 338.18
Item number N82A
100 1# - MAIN ENTRY--PERSONAL NAME
Personal name Norton, Roger D.
245 1# - TITLE STATEMENT
Title Agricultural development policy
Statement of responsibility, etc by Roger D. Norton
260 ## - PUBLICATION, DISTRIBUTION, ETC. (IMPRINT)
Place of publication, distribution, etc Jaipur
Name of publisher, distributor, etc Rawat Publications
Date of publication, distribution, etc 2006
300 ## - PHYSICAL DESCRIPTION
Extent 528p.
690 ## - LOCAL SUBJECT ADDED ENTRY--TOPICAL TERM (OCLC, RLIN)
Topical term or geographic name as entry element Agriculture and state; Sustainable agriculture
Holdings
Withdrawn status Lost status Damaged status Not for loan Home library Current library Date acquired Cost, normal purchase price Total Checkouts Full call number Barcode Date last seen Date checked out Price effective from Koha item type
        Central University Of Rajasthan Central University Of Rajasthan 07/03/2012 995.00 2 338.18 N82A 2929 21/11/2024 20/04/2022 02/09/2020 Books